000
00220nam a2200097Ia 4500
008
230508s1986 xx 000 0 und d
041
_a
eng
100
_a
RAMAMRUTHAM S.
245
_a
STRENGTH OF MATERIAL.
260
_c
1986
999
_c
315379
_d
315379